000 01277nam a2200349 i 4500
001 000028585
003 DO-SdBNP
005 20260213105210.0
007 ta
008 110411s2010 dr 001 0 spa d
020 _a9789993427162
040 _aDO-SdBNP
_bspa
_cBNPHU
_erda
041 _aspa
082 4 _a972.93054
_bB742b
_222
100 1 _aBosch, Brian J.
_eautor
_d1906-2002
_955536
245 1 0 _aBalaguer y los militares dominicanos :
_buna divina jerarquía de oficiales durante la décadas de los años sesenta y setenta /
_cBrian J. Bosch ; Bernardo Vega, editor.
250 _aSegunda edición
264 _aSanto Domingo :
_bFundación Cultura Dominicana,
_c2010.
300 _a418 páginas :
_bilustraciones ;
_c24 cm.
336 _ardacontent
_btexto
_2txt
337 _ardamedia
_bsin mediación
_2n
338 _ardacarrier
_bvolumen
_2nc
500 _aIncluye índice onomástico
500 _aTraducido del inglés
504 _aBibliografía : P. 405-406
590 _aInventariado 2026/DG
600 1 0 _aBalaguer, Joaquín,
_d1906-2002
_976556
651 4 _aRepública Dominicana
_xFuerzas armadas
_xHistoria
_ySiglo XX
_955537
700 1 2 _aVega, Bernardo,
_d1938 -
_eeditor
_93222
910 _aValidado. Control de calidad MFF
942 _2ddc
_cLBS1
999 _c28077
_d28077